Du sport à la politique - Parlementaires France - Statistiques

Statistiques générales
  • Ce quiz a été pris 14 fois
  • Le résultat moyen est 4 sur 8
Statistiques - réponses
Discipline Années de participation Réponse % Correct
Judo 2 Or & 1 Bronze 1992 1996 2000 {David} Douillet
100%
Tir & Skeleton - 1924 1928 {Jean} de Beaumont
85%
Escrime 2 Or 1 Argent & 2 Bronze 1980 1984 1988 1992 {Jean-François} Lamour
77%
Athlétisme Or & Argent 1972 1976 {Guy} Drut
69%
Patinage artistique Argent 1956 1960 1964 {Alain} Calmat
31%
Aviron Argent 1952 1960 {Claude} Martin
15%
Gymnastique & Tir - 1900 1908 1912 {Daniel} Mérillon
0%
Polo Bronze 1900 {Robert} Fournier-Sarlovèze
0%
Aucun quiz correspondant
Distribution des résultats
% des personnes avec chaque résultat
Percentile par nombre de réponses
Votre historique - résultats
Vous n’avez pas pris ce quiz